000 00760nam a2200229 i 4500
001 115799
003 ES-MaACL
005 20250627063645.0
007 t|
008 070516s1919 sp |||| |dspa d
080 _a75 Rusiñol, Santiago
100 1 _aRusiñol, Santiago,
_d1861-1931
_9241043
245 1 0 _aSantiago Rusiñol /
_c[texto, G. Martínez Sierra ... et al.].
260 _a[Madrid :
_bs.n.,
_c1919?] (
_fTip. Artística)
300 _a2 v. ;
_c21 cm.
490 1 _aMonografías de arte. Estrella
600 1 4 _aRusiñol, Santiago,
_d1861-1931
_9241043
700 1 _aMartínez Sierra, Gregorio,
_d1881-1947
_978429
830 1 _aMonografías de arte. Estrella
_9181422
852 4 _aES-MaACL
_jF-5776-77
999 _c115799
_d115799